The Oxford handbook of Kierkegaard / (Record no. 128140)
[ view plain ]
| 000 -LEADER | |
|---|---|
| fixed length control field | 03690cam a22004097a 4500 |
| 001 - CONTROL NUMBER | |
| control field | 17758919 |
| 003 - CONTROL NUMBER IDENTIFIER | |
| control field | ARRUPE |
| 005 - DATE AND TIME OF LATEST TRANSACTION | |
| control field | 20180912120710.0 |
| 008 - FIXED-LENGTH DATA ELEMENTS--GENERAL INFORMATION | |
| fixed length control field | 130531s2013 enk b 001 0 eng d |
| 010 ## - LIBRARY OF CONGRESS CONTROL NUMBER | |
| LC control number | 2013409402 |
| 016 7# - NATIONAL BIBLIOGRAPHIC AGENCY CONTROL NUMBER | |
| Record control number | 016171838 |
| Source | Uk |
| 020 ## - INTERNATIONAL STANDARD BOOK NUMBER | |
| International Standard Book Number | 9780199601301 |
| 020 ## - INTERNATIONAL STANDARD BOOK NUMBER | |
| International Standard Book Number | 0199601305 |
| 035 ## - SYSTEM CONTROL NUMBER | |
| System control number | (OCoLC)ocn795172156 |
| 040 ## - CATALOGING SOURCE | |
| Original cataloging agency | BTCTA |
| Language of cataloging | eng |
| Transcribing agency | BTCTA |
| Modifying agency | UKMGB |
| -- | YDXCP |
| -- | YNK |
| -- | TYC |
| -- | U3G |
| -- | OUN |
| -- | CDX |
| -- | BWX |
| -- | DLC |
| 042 ## - AUTHENTICATION CODE | |
| Authentication code | lccopycat |
| 050 00 - LIBRARY OF CONGRESS CALL NUMBER | |
| Classification number | LB14.7 |
| Item number | M56 2013 |
| 082 04 - DEWEY DECIMAL CLASSIFICATION NUMBER | |
| Classification number | 198/.9 |
| Edition number | 23 |
| 300 ## - PHYSICAL DESCRIPTION | |
| Dimensions | 26 cm. |
| 100 ## - MAIN ENTRY--PERSONAL NAME | |
| Personal name | Lippitt, John (ed.) |
| 9 (RLIN) | 42105 |
| 245 04 - TITLE STATEMENT | |
| Title | The Oxford handbook of Kierkegaard / |
| Statement of responsibility, etc | edited by John Lippitt and George Pattison. |
| 260 ## - PUBLICATION, DISTRIBUTION, ETC. (IMPRINT) | |
| Place of publication, distribution, etc | Oxford, U.K. : |
| Name of publisher, distributor, etc | Oxford University Press, |
| Date of publication, distribution, etc | 2013. |
| 300 ## - PHYSICAL DESCRIPTION | |
| Extent | xx, 610 p. ; |
| 490 1# - SERIES STATEMENT | |
| Series statement | Oxford handbooks |
| 504 ## - BIBLIOGRAPHY, ETC. NOTE | |
| Bibliography, etc | Includes bibliographic references and index. |
| 505 0# - FORMATTED CONTENTS NOTE | |
| Formatted contents note | Introduction / George Pattison and John Lippitt -- Part I. Contexts and sources -- 1. The textual inheritance / Steen Tullberg -- 2. Kierkegaard and the end of the Danish golden age / Bruce H. Kirmmse -- 3. Kierkegaard and Copenhagen / George Pattison -- 4. Kierkegaard and German idealism / Lore Hühn and Philipp Schwab -- 5. Kierkegaard and Romanticism / William McDonald -- 6. Kierkegaard and the church / Anders Holm -- 7. Kierkegaard and Greek philosophy / Rick Anthony Furtak -- 8. Kierkegaard and the Bible / Paul Martens -- 9. Kierkegaard and the history of theology / David R. Law |
| 505 0# - FORMATTED CONTENTS NOTE | |
| Formatted contents note | Part II. Some major topics in the authorship -- 10. Pseudonyms and 'style' / Edward F. Mooney -- 11. Ethics / C. Stephen Evans and Robert C. Roberts -- 12. Selfhood and 'spirit' / John J. Davenport -- 13. Formation and the critique of culture / Joakim Garff -- 14. Time and history / Arne Grøn -- 15. Kierkegaard's theology / Sylvia Walsh -- 16. Society, politics, and modernity / Merold Westphal -- 17. Love / M. Jamie Ferreira -- 18. Irony / K. Brian Söderquis -- 19. Death / Patrick Stokes |
| 505 0# - FORMATTED CONTENTS NOTE | |
| Formatted contents note | Part III. Kierkegaard after Kierkegaard -- 20. Translating Kierkegaard / Alastair Hannay -- 21. Kierkegaard and Nietzsche / Markus Kleinert -- 22. Kierkegaard and Heidegger / Clare Carlisle -- 23. Kierkegaard and phenomenology / Claudia Welz -- 24. Kierkegaard and postmodernism / Steven Shakespeare -- 25. Kierkegaard, Wittgenstein, and the Wittgensteinian tradition / Anthony Rudd -- 26. Kierkegaard and moral philosophy: some recent themes / John Lippitt -- 27. Kierkegaard as theologian: a history of countervailing interpretations / Lee C. Barrett -- 28. Kierkegaard and modern European literature / Leonardo F. Lisi -- 29. Kierkegaard and English language literature / Hugh S. Pyper. |
| 520 ## - SUMMARY, ETC. | |
| Summary, etc | "The Oxford Handbook of Kierkegaard' offers 29 chapters written by leading international scholars, regarding Kierkegaard's historical context, authorship, writing style, major philosophical topics, and continuing influence in the disciplines of philosophy, theology, and literature. |
| 600 10 - SUBJECT ADDED ENTRY--PERSONAL NAME | |
| Personal name | Kierkegaard, Søren, |
| Dates associated with a name | 1813-1855. |
| 9 (RLIN) | 42106 |
| 650 ## - SUBJECT ADDED ENTRY--TOPICAL TERM | |
| Topical term or geographic name as entry element | Education, Higher |
| General subdivision | Philosophy |
| Geographic subdivision | India |
| 9 (RLIN) | 42107 |
| 650 ## - SUBJECT ADDED ENTRY--TOPICAL TERM | |
| Topical term or geographic name as entry element | Education |
| General subdivision | Philosophy |
| Geographic subdivision | India |
| 9 (RLIN) | 42108 |
| 700 1# - ADDED ENTRY--PERSONAL NAME | |
| Personal name | Lippitt, John. |
| 9 (RLIN) | 42109 |
| 700 1# - ADDED ENTRY--PERSONAL NAME | |
| Personal name | Pattison, George, |
| Dates associated with a name | 1950- |
| 9 (RLIN) | 5691 |
| 830 #0 - SERIES ADDED ENTRY--UNIFORM TITLE | |
| Uniform title | Oxford handbooks. |
| 9 (RLIN) | 42110 |
| 906 ## - LOCAL DATA ELEMENT F, LDF (RLIN) | |
| a | 7 |
| b | cbc |
| c | copycat |
| d | 2 |
| e | ncip |
| f | 20 |
| g | y-gencatlg |
| 942 ## - ADDED ENTRY ELEMENTS (KOHA) | |
| Source of classification or shelving scheme | Library of Congress Classification |
| Koha item type | Monograph ( Printed materials) |
| Withdrawn status | Lost status | Source of classification or shelving scheme | Damaged status | Not for loan | Home library | Current library | Date acquired | Total Checkouts | Full call number | Barcode | Date last seen | Price effective from | Koha item type |
|---|---|---|---|---|---|---|---|---|---|---|---|---|---|
| Library of Congress Classification | ARRUPE LIBRARY | ARRUPE LIBRARY | 12/09/2018 | LB14.7 M56 2013 | 46600002032 | 01/10/2018 | 12/09/2018 | Monograph ( Printed materials) |